| 000 | 01420naa a22003857a 4500 | ||
|---|---|---|---|
| 001 | BR7000692 | ||
| 003 | BR-BrBNA | ||
| 005 | 20240918173413.0 | ||
| 007 | ta | ||
| 008 | 230509b bl.||||| |||| 00| 0 por d | ||
| 040 |
_aBR-BrBNA _bpor _cBiblioteca Nacional de Agricultura |
||
| 041 | _a(Pt) | ||
| 072 |
_aL73; Q20 _b5300 _b4110 _b9704 _bG514 |
||
| 090 | _aL73 BR7000692 | ||
| 100 | 1 | _aCosta, M.D. de M. | |
| 100 | 1 | _aCosta, G.A. | |
| 100 | 1 | _aHofer, E. | |
| 100 | 1 | _aSilva, J.A.H. da | |
| 100 | 1 | _aSantos, J.V. dos | |
| 100 | 1 | _aDoria, J.D. | |
| 111 | 1 |
_a12. Congresso Brasileiro de Medicina Veterinaria _cPorto Alegre, RS (Brazil) _d23 Aug 1970 |
|
| 245 | 1 | _aPresenca da salmonella na cadeira ganglionar de suinos aparentemente normais e sua importancia na saude publica [Sus domesticus; Salmonelose; Intestino; Brasil] | |
| 260 | 3 |
_aPorto Alegre, RS (Brasil): _c1970. |
|
| 500 | _aAnais do 12. Congresso Brasileiro de Medicina Veterinaria Porto Alegre, RS (Brasil): 1970. p. 379-382 (BR7000692-AM)L73 | ||
| 650 | _aTOXICOLOGIA DE ALIMENTO | ||
| 650 | _aSUINO | ||
| 650 | _aSALMONELOSE | ||
| 650 | _aCARNE | ||
| 650 | _aINTESTINO | ||
| 650 | _aINSPECAO SANITARIA | ||
| 650 | _aSAUDE PUBLICA | ||
| 773 | 0 |
_tAnais do 12. Congresso Brasileiro de Medicina Veterinaria _wL73 BR7000692 _gPorto Alegre, RS (Brasil), 1970. p. 379-382 |
|
| 909 |
_a202404 _bLucia _c55 _dLucia Elande |
||
| 942 |
_cAM _2AGRIS |
||
| 999 |
_c304418 _d304418 |
||